香川県の市町村 (2000年) - Statistics

General Stats
  • This quiz has been taken 51 times
    39 since last reset
  • The average score is 31 of 43
Answers on the Map
Answers color-coded by a green-red scale on the quiz's map according to % correct below.
 
Answer Stats
ヒント 市町村名 % Correct
高松市たかまつし
100%
坂出市さかいでし
100%
善通寺市ぜんつうじし
100%
観音寺市かんおんじし
100%
小豆郡 土庄町とのしょうちょう
100%
木田郡 三木町みきちょう
100%
香川郡 直島町なおしまちょう
100%
丸亀市まるがめし
96%
綾歌郡 宇多津町うたづちょう
96%
仲多度郡 琴平町ことひらちょう
96%
仲多度郡 多度津町たどつちょう
96%
綾歌郡 綾歌町あやうたちょう
92%
大川郡 志度町しどちょう
88%
仲多度郡 満濃町まんのうちょう
88%
三豊郡 詫間町たくまちょう
88%
香川郡 香川町かがわちょう
83%
綾歌郡 国分寺町こくぶんじちょう
83%
三豊郡 高瀬町たかせちょう
83%
大川郡 大川町おおかわちょう
79%
大川郡 長尾町ながおちょう
79%
香川郡 塩江町しおのえちょう
79%
大川郡 白鳥町しろとりちょう
75%
小豆郡 池田町いけだちょう
71%
綾歌郡 綾南町りょうなんちょう
71%
大川郡 大内町おおちちょう
67%
小豆郡 内海町うちのみちょう
67%
三豊郡 財田町さいたちょう
67%
大川郡 引田町ひけたちょう
63%
大川郡 寒川町さんがわちょう
63%
木田郡 牟礼町むれちょう
58%
木田郡 庵治町あじちょう
58%
三豊郡 大野原町おおのはらちょう
54%
三豊郡 豊浜町とよはまちょう
54%
大川郡 津田町つだちょう
50%
三豊郡 山本町やまもとちょう
50%
仲多度郡 琴南町ことなみちょう
46%
仲多度郡 仲南町ちゅうなんちょう
46%
三豊郡 三野町みのちょう
46%
三豊郡 仁尾町におちょう
46%
綾歌郡 綾上町あやかみちょう
42%
綾歌郡 飯山町はんざんちょう
42%
香川郡 香南町こうなんちょう
38%
三豊郡 豊中町とよなかちょう
33%
No matching quizzes found
Score Distribution
Percent of People with Each Score
Percentile by Number Answered
Your Score History
You have not taken this quiz since the last reset